A szervezeti kommunikáció technológiai hatékonysága egy vizsgált szervezeten belül

Bibliográfiai részletek
Szerző: Petrik Bernadett
További közreműködők: Németh Dr. Tamás
Dokumentumtípus: Diplomadolgozat
Kulcsszavak:Szervezeti kommunikáció
Információtechnológia
Belső kommunikáció
Online Access:http://dolgozattar.uni-bge.hu/11124

MARC

LEADER 00000nta a2200000 i 4500
001 dolg11124
005 20170512135040.0
008 170512suuuu hu om 000 hun d
040 |a BGE Dolgozattár Repozitórium  |b hun 
041 |a hu 
100 1 |a Petrik Bernadett 
245 1 2 |a A szervezeti kommunikáció technológiai hatékonysága egy vizsgált szervezeten belül  |c Petrik Bernadett  |h [elektronikus dokumentum] 
695 |a Szervezeti kommunikáció 
695 |a Információtechnológia 
695 |a Belső kommunikáció 
700 1 |a Németh Dr. Tamás  |e ths 
856 4 0 |u http://dolgozattar.uni-bge.hu/11124/1/kesz.pdf  |z Dokumentum-elérés 
856 4 0 |u http://dolgozattar.uni-bge.hu/11124/2/titkositasikerelem.pdf  |z Dokumentum-elérés